Name the album that these Taylor Swift songs are from - Statistics

General Stats
  • This quiz has been taken 128 times
  • The average score is 14 of 15
Answer Stats
Hint Answer % Correct
this is why we can't have nice things reputation
100%
wonderland 1989
98%
superstar fearless
96%
its nice to have a friend lover
96%
i forgot that you existed lover
96%
labyrinth midnights
95%
stay stay stay red
95%
the lakes folklore
94%
glitch midnights
94%
timeless speak now
94%
invisible taylor swift/debut
94%
now that we don't talk 1989
93%
come back...be here red
93%
long story short evermore
92%
you all over me fearless
92%
No matching quizzes found
Score Distribution
Percent of People with Each Score
Percentile by Number Answered
Your Score History
You have not taken this quiz